Statistics for Skylander Elements

Click here to take the quiz!

General Stats

  • This quiz has been taken 18 times
    (14 since last reset)
  • The average score is 9 of 11

Answer Stats

Answer% Correct
Fire
100%
Air
91%
Water
91%
Life
82%
Magic
82%
Tech
82%
Dark
73%
Earth
73%
Light
73%
Undead
73%
Kaos
45%

Score Distribution

Percentile by Number Answered

Percent of People with Each Score

Your Score History

You have not taken this quiz since the last reset